| 000 | 00852cam a2200289 a 4500 | ||
|---|---|---|---|
| 001 | 3351890 | ||
| 003 | OSt | ||
| 005 | 20230621150157.0 | ||
| 008 | 860909s1987 enkaf b 001 0 eng | ||
| 010 | _a 86021506 | ||
| 020 | _a0582355664 (pbk.) | ||
| 020 | _a0582355672 (hard) | ||
| 040 |
_aDLC _cDLC _dDLC |
||
| 043 | _ae-uk--- | ||
| 050 | 0 | 0 |
_aJN549 _b.S55 1987 |
| 082 | 0 | 0 |
_a328.41 _221 _bSIL |
| 100 | 1 | _aSilk, Paul. | |
| 245 | 1 | 0 |
_aHow Parliament works / _cPaul Silk with Rhodri Walters. |
| 260 |
_aLondon ; _aNew York : _bLongman, _c1987. |
||
| 300 |
_aviii, 272 p., [3] p. of plates : _bill. ; _c21 cm. |
||
| 500 | _aIncludes index. | ||
| 504 | _aBibliography: p. 265-266. | ||
| 610 | 1 | 0 |
_aGreat Britain. _bParliament. |
| 700 | 1 |
_aWalters, R. H. _q(Rhodri Havard) |
|
| 906 |
_a7 _bcbc _corignew _d1 _eocip _f19 _gy-gencatlg |
||
| 942 |
_2ddc _cBK |
||
| 999 |
_c2245 _d2245 |
||